Oh, cuán lejos llegarás! / (Record no. 17475)

MARC details
000 -LEADER
fixed length control field 02182cam a2200517Ia 4500
001 - CONTROL NUMBER
control field sjds1114863
003 - CONTROL NUMBER IDENTIFIER
control field sjds
005 - DATE AND TIME OF LATEST TRANSACTION
control field 20180606200150.0
008 - FIXED-LENGTH DATA ELEMENTS--GENERAL INFORMATION
fixed length control field 930726t19931993nyua j 000 1 spa d
020 ## - INTERNATIONAL STANDARD BOOK NUMBER
International Standard Book Number 1880507056 :
Terms of availability $13.95
020 ## - INTERNATIONAL STANDARD BOOK NUMBER
International Standard Book Number 9781880507056
020 ## - INTERNATIONAL STANDARD BOOK NUMBER
International Standard Book Number 1880507056 ;
Terms of availability 15.95
020 ## - INTERNATIONAL STANDARD BOOK NUMBER
International Standard Book Number 9781880507056
020 ## - INTERNATIONAL STANDARD BOOK NUMBER
International Standard Book Number 1880507056 ;
Terms of availability 15.95
020 ## - INTERNATIONAL STANDARD BOOK NUMBER
International Standard Book Number 9781880507056
035 ## - SYSTEM CONTROL NUMBER
System control number 153799
035 ## - SYSTEM CONTROL NUMBER
System control number (OCoLC)28514493
035 ## - SYSTEM CONTROL NUMBER
System control number 153799
040 ## - CATALOGING SOURCE
Original cataloging agency ZQP
Transcribing agency ZQP
Modifying agency OHI
-- CUS
-- OCL
-- XY4
-- OCLCQ
-- BAKER
-- BTCTA
-- UtOrBLW
041 1# - LANGUAGE CODE
Language code of text/sound track or separate title spa
Language code of original eng
049 ## - LOCAL HOLDINGS (OCLC)
Holding library IFAA
099 ## - LOCAL FREE-TEXT CALL NUMBER (OCLC)
Classification number ESPANOL PICTURE BOOKS SEUSS 1993
100 1# - MAIN ENTRY--PERSONAL NAME
Personal name Seuss,
Titles and words associated with a name Dr,
Relator term author.
240 10 - UNIFORM TITLE
Uniform title <a href="Oh, the places you'll go!">Oh, the places you'll go!</a>
Language of a work Spanish
245 10 - TITLE STATEMENT
Title Oh, cuán lejos llegarás! /
Statement of responsibility, etc. Dr. Seuss ; traducido por Aída E. Marcuse.
260 ## - PUBLICATION, DISTRIBUTION, ETC. (IMPRINT)
Place of publication, distribution, etc. New York :
Name of publisher, distributor, etc. Lectorum Publications,
Date of publication, distribution, etc. c1993
264 #1 - PRODUCTION, PUBLICATION, DISTRIBUTION, MANUFACTURE, AND COPYRIGHT NOTICE
Place of production, publication, distribution, manufacture New York :
Name of producer, publisher, distributor, manufacturer Lectorum Publications,
Date of production, publication, distribution, manufacture, or copyright notice [1993]
264 #4 - PRODUCTION, PUBLICATION, DISTRIBUTION, MANUFACTURE, AND COPYRIGHT NOTICE
Date of production, publication, distribution, manufacture, or copyright notice c1993
300 ## - PHYSICAL DESCRIPTION
Extent 1 volume (unpaged) :
Other physical details color illustrations ;
Dimensions 29 cm
336 ## - CONTENT TYPE
Content type term text
Content type code txt
Source rdacontent
337 ## - MEDIA TYPE
Media type term unmediated
Media type code n
Source rdamedia
338 ## - CARRIER TYPE
Carrier type term volume
Carrier type code nc
Source rdacarrier
500 ## - GENERAL NOTE
General note "Originally published in English under the title Oh, the places you'll go!"--T.p. verso.
520 ## - SUMMARY, ETC.
Summary, etc. Advice in rhyme for proceeding in life; weathering fear, loneliness, and confusion; and being in charge of your actions. In this joyous ode to life, Dr. Seuss addresses graduates of all ages- from nursery school to medical school- and gives them the get-up-and-go to move mountains with the unrivaled exuberance and charm that have made Dr. Seuss books favorites for years.
526 0# - STUDY PROGRAM INFORMATION NOTE
Program name Accelerated Reader
Interest level LG
Reading level 3.3
Title point value 0.5
Public note 9039SP
650 #0 - SUBJECT ADDED ENTRY--TOPICAL TERM
Topical term or geographic name as entry element Success
Form subdivision Juvenile fiction.
650 #0 - SUBJECT ADDED ENTRY--TOPICAL TERM
Topical term or geographic name as entry element Nonsense verses
Form subdivision Juvenile literature.
650 #0 - SUBJECT ADDED ENTRY--TOPICAL TERM
Topical term or geographic name as entry element Spanish language
General subdivision Rhyme
Form subdivision Juvenile fiction.
650 #0 - SUBJECT ADDED ENTRY--TOPICAL TERM
Topical term or geographic name as entry element Spanish language
Form subdivision Readers
-- Juvenile fiction.
650 #7 - SUBJECT ADDED ENTRY--TOPICAL TERM
Topical term or geographic name as entry element Éxito
Form subdivision Novela juvenil.
Source of heading or term bidex
650 #7 - SUBJECT ADDED ENTRY--TOPICAL TERM
Topical term or geographic name as entry element Versos disparatados
Form subdivision Literatura juvenil.
Source of heading or term bidex
650 #7 - SUBJECT ADDED ENTRY--TOPICAL TERM
Topical term or geographic name as entry element Español
General subdivision Rima
Form subdivision Novela juvenil.
Source of heading or term bidex
650 #7 - SUBJECT ADDED ENTRY--TOPICAL TERM
Topical term or geographic name as entry element Libros de lectura
Form subdivision Literatura juvenil.
Source of heading or term bidex
700 1# - ADDED ENTRY--PERSONAL NAME
Personal name Marcuse, Aída E.
942 ## - ADDED ENTRY ELEMENTS (KOHA)
Koha item type Libro/Book
Source of classification or shelving scheme Dewey Decimal Classification
Holdings
Withdrawn status Lost status Damaged status Not for loan Home library Current library Date acquired Inventory number Total Checkouts Barcode Checked out Date last seen Date checked out Price effective from Koha item type Total Renewals Full call number
        San Juan Del Sur -- Mobile El Baston 18/01/2025   1 30030676 05/05/2026 31/03/2026 31/03/2026 18/01/2025 Libro/Book   JI
        Sevadilla -- Satellite San Juan Del Sur -- Biblioteca 12/06/2017 Checked out from 2022- Feb 2025 5 35400817 27/12/2022 22/11/2022 22/11/2022 12/06/2017 Libro/Book    
        San Juan Del Sur -- Biblioteca San francisco de asis 13/06/2017   1 33003391   28/06/2017 28/06/2017 13/06/2017 Libro/Book    

Powered by Koha